| 000 | 00460nam a2200193Ia 4500 | ||
|---|---|---|---|
| 003 | OSt | ||
| 005 | 20260331143936.0 | ||
| 008 | 250729s2011 xx 000 0 und d | ||
| 020 | _a978-8174571557 | ||
| 040 | _cAL | ||
| 041 | _aeng | ||
| 082 | _a370.15 MATE | ||
| 100 |
_aDr.S.S.Mathur _9230755 |
||
| 245 | _aEducational psychology | ||
| 260 |
_aAgra _bAggarwal Publication _c2011 |
||
| 300 | _a608p | ||
| 650 |
_aPsychology _9230756 |
||
| 942 |
_2ddc _cBED |
||
| 999 |
_c238940 _d238940 |
||